Revitalizácia Starej sladovne, Košice

Salvato in:
Dettagli Bibliografici
Autore principale: Vargovčíková, Dana (Autore)
Altri autori: Paňák, Pavel (Relatore della tesi)
Natura: Manoscritto Libro
Lingua:slovacco
Pubblicazione: Bratislava 2017
Soggetti:
Accesso online:http://is.stuba.sk/zp/portal_zp.pl?podrobnosti=128493
Tags: Aggiungi Tag
Nessun Tag, puoi essere il primo ad aggiungerne!!

MARC

LEADER 00000ntm a22000003a 4500
001 stuzp65380
003 SK-STU
005 20210216081110.1
007 ta
008 150427s2015----xo-----f-mn---000-0-slo-d
040 |a STU  |b slo 
041 0 |a slo 
100 1 |a Vargovčíková, Dana  |u 058180  |4 aut  |U FAD Fakulta architektúry  |T FA Ústav architektúry občianskych budov  |X 62089  |U A8180  |Y 399  |7 62089 
242 0 1 |a Revitalization of The Old Malt house in Kosice  |y eng 
245 1 0 |a Revitalizácia Starej sladovne, Košice 
260 |c 2017  |a Bratislava 
650 4 |a Revitalizácia  |2 slo 
650 4 |a urbanistická zóna  |2 slo 
650 4 |a živé mesto  |2 slo 
650 4 |a Revitalization  |2 eng 
650 4 |a urban zone  |2 eng 
650 4 |a empowerment  |2 eng 
700 1 |a Paňák, Pavel  |u 050900  |k Z1  |4 ths  |U FAD Fakulta architektúry  |T FA Dekanát  |X 70322  |U A0900  |Y 158  |7 A000070322 
856 4 |u http://is.stuba.sk/zp/portal_zp.pl?podrobnosti=128493  |u https://opac.crzp.sk/?fn=detailBiblioForm&sid=E7FF18FD4FFD5019DFF8E13CC38C